O krok zpět? Evropeizace volební programatiky slovenských politických stran (1994–2010)

Pojem europeizácia. Analýza volebných programov slovenských politických strán.

Enregistré dans:
Détails bibliographiques
Auteur principal: Ondroušek, Jan
Autres auteurs: Havlík, Vlastimil
Format: Chapitre de livre
Langue:tchèque
Sujets:
Tags: Ajouter un tag
Pas de tags, Soyez le premier à ajouter un tag!

MARC

LEADER 00000nla a2200000 4500
001 0157607
005 20240108072535.2
041 0 |a cze 
044 |a CZ 
245 1 0 |a O krok zpět? Evropeizace volební programatiky slovenských politických stran (1994–2010)  |c Jan Ondroušek, Vlastimil Havlík 
520 |a Pojem europeizácia. Analýza volebných programov slovenských politických strán. 
610 2 0 |a politológia 
610 2 0 |a Slovensko 
610 2 0 |a strany politické 
610 2 0 |a programy vládne 
100 1 |a Ondroušek, Jan 
700 1 |a Havlík, Vlastimil